000 00637nam a2200205 a 4500
001 000023380
005 20200930022158.0
008 101206s1966 ck r 001 0 spa d
040 _aDO-SdBNP
_bspa
_cBNPHU
082 _axxxx
_bP618c
100 1 _aPierini, Franco
_948160
245 1 0 _aCatecismo del Concilio Vaticano IIo. /
_cFranco Pierini.
250 _a2a ed.
260 _aBogotá :
_bPaulinas,
_c1966.
300 _a401 p. ;
_c17 cm.
500 _aIncluye índice de materias.
504 _aIncluye referencias bibliográficas y notas al pie de las páginas.
534 _aCatechismo del Concilio Vaticano II
049 _aBNGR
999 _c22877
_d22877